العبر فيمن حفظ القرآن ولم يبلغ العشر : (رقم التسجيلة. 102762)

تفاصيل مارك
000 -الفاتح
عناصر البيانات ثابتة الطول 00722cam a2200181 i 4500
005 - تاريخ ووقت آخر معاملة
حقل ضبط 20251125085226.0
008 - عناصر البيانات ثابتة الطول
عناصر البيانات ثابتة الطول 250721s2013 jo gr 000 0 ara d
082 14 - رقم تصنيف ديوي العشري
رقم التصنيف 211.7
رقم المادة ر ن ت
100 1# - مدخل رئيسي – اسم شخصي
الاسم الشخصي الرنتاوي، محمد حسين
علاقة الشخص بالعمل/ دوره مؤلف.
245 12 - بيان العنوان
العنوان العبر فيمن حفظ القرآن ولم يبلغ العشر :
بقية العنوان (دراسة منهجية ) /
بيان المسؤولية تأليف أ.محمد حسين الرنتاوي.
250 ## - بيان الطبعة
بيان الطبعة الطبعة الثالثة.
264 31 - بيانات النشر، التوزيع…إلخ
مكان النشر، التوزيع...إلخ عمان :
اسم الناشر، الموزع...إلخ جمعية المحافظة على القرآن الكريم،
تاريخ النشر، التوزيع...إلخ 2004.
300 ## - الوصف المادي
عدد الوحدات المكونة للوعاء 155 صفحة.
650 17 - مدخل إضافي بالموضوع - مصطلح موضوعي
مصطلح موضوعي أو اسم جغرافي كعنصر مدخل القرآن الكريم.
650 17 - مدخل إضافي بالموضوع - مصطلح موضوعي
مصطلح موضوعي أو اسم جغرافي كعنصر مدخل العلوم القرآنية.
942 ## - بيانات إضافية (كوها)
نوع التنصيف Dewey Decimal Classification
نوع المادة (كوها) كتب
المقتنيات
حالة السحب حالة الفقدان مصدر التصنيف حالة التلف غير قابل للإعارة المكتبة الرئيسية المكتبة الحالية موقع الرف تاريخ التزويد الرقم المتسلسل Total Checkouts رقم الإستدعاء الباركود تاريخ آخر ظهور تاريخ الفاتورة نوع المادة (كوها)
    Dewey Decimal Classification     المكتبة المركزية المكتبة المركزية الإعارة 03/11/2015 1616472   211.7 / ر ن ت PLD00361858 28/07/2025 03/11/2015 كتب
    Dewey Decimal Classification     مكتبة صويلح العامة مكتبة صويلح العامة الإعارة 28/07/2025 1052756   211.7/رنت 1052756 28/07/2025 28/07/2025 كتب
Implemented & Customized by: BBB with SCIT (Smart Chains for Information Technology)

Powered by Koha